000 00484nmm a2200157Ia 4500
008 251105s9999||||xx |||||||||||||||||und||
020 _a9789876991575
041 _aspa
100 _aGutiérrez, Alicia B.
245 0 _aPobre'... como siempre : estrategias de reproducción social en la pobreza
264 _a[Buenos Aires, Argentina] :
_bEduvim,
_c2015
300 _a382 páginas
650 _aSociology
856 _uhttps://public.digitaliapublishing.com/a/41005
942 _cCF
999 _c97584
_d97584